Los privilegios e inmunidades de la Organización para la prohibición de las armas químicas (Registro nro. 31319)

Detalles MARC
000 -LEADER
fixed length control field 00381 a2200109 4500
001 - CONTROL NUMBER
control field ART_41476
005 - DATE AND TIME OF LATEST TRANSACTION
control field 20260410162001.0
008 - FIXED-LENGTH DATA ELEMENTS--GENERAL INFORMATION
fixed length control field 260409a
100 1# - MAIN ENTRY--PERSONAL NAME
Personal name Dojas, Alberto Edgardo
245 10 - TITLE STATEMENT
Title Los privilegios e inmunidades de la Organización para la prohibición de las armas químicas
773 0# - HOST ITEM ENTRY
Title Pensar en derecho
Related parts - Año 4, Nº 7 (dic. 2015)
Record control number REV28996

No hay ítems disponibles.